Основы математического анализа. Ч. 1 (Запись № 9943032)
[ простой вид ]
| 000 -МАРКЕР | |
|---|---|
| контрольное поле | 01480nam2a2200241 4500 |
| 001 - ИДЕНТИФИКАТОР ЗАПИСИ | |
| контрольное поле | RU\NLR\BIBL_A\010104102 |
| 005 - ИДЕНТИФИКАТОР ВЕРСИИ | |
| контрольное поле | 20250613200718.0 |
| 010 ## - МЕЖДУНАРОДНЫЙ СТАНДАРТНЫЙ НОМЕР КНИГИ (ISBN) | |
| Номер (ISBN) | 978-5-9221-0902-4 |
| 021 ## - НОМЕР ГОСУДАРСТВЕННОЙ РЕГИСТРАЦИИ | |
| Код страны | Российская Федерация |
| Номер | 2013-99635 |
| Номер Листа государственной регистраци | 6919 |
| 035 ## - ДРУГИЕ СИСТЕМНЫЕ НОМЕРА | |
| Идентификатор записи | (NLR Aleph) 010104102 |
| 100 ## - ДАННЫЕ ОБЩЕЙ ОБРАБОТКИ | |
| Данные общей обработки | 20140206d2014 |||y0rusy50 ca |
| 101 0# - ЯЗЫК РЕСУРСА | |
| Язык текста, звукозаписи и т.д. | русский |
| 102 ## - СТРАНА ПУБЛИКАЦИИ ИЛИ ПРОИЗВОДСТВА | |
| Страна публикации | Российская Федерация |
| 105 ## - ПОЛЕ КОДИРОВАННЫХ ДАННЫХ: ТЕКСТОВЫЕ МАТЕРИАЛЫ, МОНОГРАФИЧЕСКИЕ | |
| Кодированные данные о монографическом текстовом документе | a|||j||||01yy |
| 200 0# - ЗАГЛАВИЕ И СВЕДЕНИЯ ОБ ОТВЕТСТВЕННОСТИ | |
| Основное заглавие | Ч. 1 |
| 210 ## - ПУБЛИКАЦИЯ, РАСПРОСТРАНЕНИЕ И ДР. | |
| Дата издания, распространения и т.д. | 2014 |
| -- | [т.е. 2013] |
| Место издания, распространения и т.д. | Б. м. |
| 225 1# - СЕРИЯ | |
| Основное заглавие серии | ... |
| Обозначение или номер части | вып. 1 |
| 300 ## - ОБЩИЕ ПРИМЕЧАНИЯ | |
| Текст примечания | Кн. фактически изд. в 2013 г. |
| 320 ## - ПРИМЕЧАНИЯ О НАЛИЧИИ В ДОКУМЕНТЕ БИБЛИОГРАФИИ / УКАЗАТЕЛЯ | |
| Текст примечания | Предм. указ.: с. 642-646 |
| 461 #0 - УРОВЕНЬ НАБОРА | |
| Встроенное поле | 001RU\NLR\BIBL_A\010193523 |
| -- | 2000#$aОсновы математического анализа$eучебник для студентов физических специальностей и специальности "Прикладная математика"$e[в 2 ч.]$fВ.А. Ильин, Э.Г. Позняк$vЧ. 1 |
| -- | 700#1$aИльин$bВ.А.$gВладимир Александрович$f1928-$cматематик$3RU\NLR\AUTH\7724905 |
| Системный номер (АБИС) связанной записи | 10209785 |
| Автор | Ильин, В. А. (математик ; 1928-2014) |
| Место публикации | Москва |
| Дата публикации | 2014 |
| Издание | Изд. 7-е, стер. |
| Первые сведения об ответственности | В.А. Ильин, Э.Г. Позняк |
| Имя издателя, распространителя и т.д. | Физматлит |
| Сведения, относящиеся к заглавию | учебник для студентов физических специальностей и специальности "Прикладная математика" : [в 2 ч.] |
| Заглавие | Основы математического анализа |
| Номер тома | Ч. 1 |
| 942 ## - ДОПОЛНИТЕЛЬНЫЕ ЭЛЕМЕНТЫ ЗАПИСИ (АБИС) | |
| Тип экземпляра АБИС | Книга |
| 980 ## - КОЛЛЕКЦИЯ | |
| Название коллекции | Национальная библиография |
| Тип экземпляра | Дата поступления | Стоимость | Библиотека постоянного хранения | Библиотека текущего хранения | Место хранения | Шифр хранения | Штрих-код | Статус экземпляра | Источник поступления |
|---|---|---|---|---|---|---|---|---|---|
| Книга | 06.02.2014 | 0.00 | РНБ (Московский) | РНБ (Московский) | Русский книжный фонд: издания с 1957 года | 2014-5/855 | 1-61301 | ||
| Книга | 06.02.2014 | 0.00 | РНБ (Московский) | РНБ (Московский) | Русский книжный фонд: издания с 1957 года | 2014-5/855 | 1-61302 | ||
| Книга | 08.02.2023 | 1991.67 | РНБ (Садовая) | РНБ (Садовая) | Универсальный читальный зал | У В161/И-460 | 1-4365579 | Покупка |